Proyecto curricular y programación: primer ciclo educación general básica

Guardat en:
Dades bibliogràfiques
Format: Llibre
Idioma:espanyol
Publicat: Santiago Edebé 1996
Matèries:
Etiquetes: Afegir etiqueta
Sense etiquetes, Sigues el primer a etiquetar aquest registre!

MARC

LEADER 00000nam a2200000 a 4500
001 UCS7399
003 CL-VaPUC
008 971017e19960000CL |||||||||||||||||spa|d
082 0 4 |a 375  |b PRO  |2 21 
245 1 0 |a Proyecto curricular y programación: primer ciclo educación general básica 
300 |a 59 p 
942 |c BK 
945 |d 19971017 00:00:00  |a rleighto 
260 |a Santiago  |b Edebé  |c 1996 
650 0 |a Currículo  |9 307290 
650 7 |a OBJETIVOS EDUCACIONALES  |2 CL-VaPUC  |9 392483 
650 0 |a Planificación del currículo  |9 269599 
650 0 |a Educación básica   |9 224933 
583 |a last modification  |c 20150113 01:16:53  |k Rodrigo Vera 
999 |c 262507  |d 262505 
952 |0 0  |1 0  |4 0  |6 375_000000000000000_PRO_1996  |7 0  |8 P  |9 291055  |a BIBEDU  |b BIBEDU  |c BIBEDU_PB  |d 2019-11-19  |i 335427K  |o 375 PRO 1996  |p 335427K  |r 2024-01-25  |w 2019-11-19  |y BK  |k EDU